| 000 | 00472pab a2200169 454500 | ||
|---|---|---|---|
| 008 | 180718b2003 xxu||||| |||| 00| 0 eng d | ||
| 100 | _aLeibl, Maureen | ||
| 245 | _aHandmade in India: preliminary analysis of crafts producers and crafts production | ||
| 260 | _c2003 | ||
| 300 | _ap.5366-376. | ||
| 362 | _a27 Dec | ||
| 650 | _aHandicrafts - India | ||
| 650 | _aHandicrafts | ||
| 700 | _aRoy, Tirthankar | ||
| 773 | _aEconomic and Political Weekly | ||
| 909 | _a59111 | ||
| 999 |
_c59111 _d59111 |
||